Modernizing the Mobility Air Force for Tomorrow’s Air Traffic Management System (Record no. 352335)
[ view plain ]
| 000 -LEADER | |
|---|---|
| fixed length control field | 00801nam a2200133Ia 4500 |
| 008 - FIXED-LENGTH DATA ELEMENTS--GENERAL INFORMATION | |
| fixed length control field | 171212s9999 xx 000 0 und d |
| 020 ## - INTERNATIONAL STANDARD BOOK NUMBER | |
| International Standard Book Number | 9780833070623 |
| 100 ## - MAIN ENTRY--PERSONAL NAME | |
| Personal name | Bednarz, Sean;Rosello, Anthony D.;Tierney, Shane;Cox, David;Isley, Steven C. |
| 245 ## - TITLE STATEMENT | |
| Statement of responsibility, etc | Bednarz, Sean;Rosello, Anthony D.;Tierney, Shane;Cox, David;Isley, Steven C. |
| Title | Modernizing the Mobility Air Force for Tomorrow’s Air Traffic Management System |
| 260 ## - PUBLICATION, DISTRIBUTION, ETC. (IMPRINT) | |
| Name of publisher, distributor, etc | RAND Corporation |
| Date of publication, distribution, etc | 2012 |
| 650 ## - SUBJECT ADDED ENTRY--TOPICAL TERM | |
| Topical term or geographic name as entry element | Airplanes, Military -- Electronic equipment -- United States; United States. Air Mobility Command -- Operational readiness; United States. Air Force -- Equipment -- Maintenance and repair -- Costs -- Evaluation; Airplanes, Military -- United States -- Mai |
| 650 ## - SUBJECT ADDED ENTRY--TOPICAL TERM | |
| Topical term or geographic name as entry element | History |
| 856 ## - ELECTRONIC LOCATION AND ACCESS | |
| Uniform Resource Identifier | <a href="www.jstor.org/stable/10.7249/j.ctt3fh0wn">www.jstor.org/stable/10.7249/j.ctt3fh0wn</a> |
| Withdrawn status | Lost status | Damaged status | Home library | Current library | Date acquired | Total Checkouts | Full call number | Date last seen | Price effective from | Koha item type |
|---|---|---|---|---|---|---|---|---|---|---|
| College Library | College Library | 12/12/2017 | UG1423.M65 2012 | 12/12/2017 | 12/12/2017 | Curriculum - Based eBooks |